000 00482nam a2200169Ia 4500
008 151213s9999 xx 000 0 und d
020 _a978-0-13239002-6
100 _aPhilihb Kottler & Gray Armstrong
245 _aPrinciples Of Marketing
_cPhilihb Kottler & Gray Armstrong
250 _a12th
260 _aNew York
_bPearsin Prentic Hall
_c2006
300 _a4592 p.
650 _aMarketing
650 _aMarketing
700 _aPhilihb Kottler & Gray Armstrong
999 _c2954
_d2954